La nueva legislación social argentina
Guardat en:
| Autor principal: | |
|---|---|
| Format: | Llibre |
| Idioma: | espanyol |
| Publicat: |
Buenos Aires, Argentina
Ministerio de Relaciones Exteriores y Culto
1953
|
| Matèries: | |
| Etiquetes: |
Afegir etiqueta
Sense etiquetes, Sigues el primer a etiquetar aquest registre!
|
MARC
| LEADER | 00000nam a2200000 a 4500 | ||
|---|---|---|---|
| 001 | UCS2242 | ||
| 003 | CL-VaPUC | ||
| 005 | 20240820094533.0 | ||
| 008 | 970523e19530000AG |||||||||||||||||spa|d | ||
| 999 | |c 260218 |d 260216 | ||
| 040 | |c Pontificia Universidad Católica de Valparaíso | ||
| 082 | 0 | 4 | |a 344.02 REM 1953 |2 21 |
| 100 | 0 | |a Remorino, Jerónimo |e autor |9 387437 | |
| 245 | 1 | 3 | |a La nueva legislación social argentina |
| 260 | 0 | 3 | |a Buenos Aires, Argentina |b Ministerio de Relaciones Exteriores y Culto |c 1953 |
| 300 | |a 336 páginas | ||
| 583 | |a last modification |c 20170712 10:17:57 |k Rodrigo Vera | ||
| 650 | 7 | |a DERECHO LABORAL |2 CL-VaPUC |9 15 | |
| 650 | 0 | |a Seguridad social |9 255322 | |
| 650 | 0 | |a Derecho de familia |9 255603 | |
| 650 | 0 | |a Trabajadores |9 260887 | |
| 650 | 7 | |a ESTATUTO JURIDICO |2 CL-VaPUC |9 387438 | |
| 650 | 0 | |a Asistencia social |9 351613 | |
| 650 | 0 | |a Obligaciones |9 255578 | |
| 650 | 7 | |a REMUNERACIONES |2 CL-VaPUC |9 371777 | |
| 650 | 7 | |a SALARIOS MINIMOS |2 CL-VaPUC |9 387439 | |
| 650 | 0 | |a Accidentes de trabajo |9 254901 | |
| 650 | 0 | |a Mujeres trabajadoras |9 259236 | |
| 650 | 0 | |a Asociaciones profesionales |9 351920 | |
| 650 | 7 | |a PENSIONES |2 CL-VaPUC |9 323807 | |
| 650 | 0 | |a Tratados internacionales |9 256056 | |
| 942 | |c BK |2 ddc | ||
| 945 | |d 19970523 00:00:00 |a cmena | ||
| 952 | |0 0 |1 0 |2 ddc |4 0 |6 344_020000000000000_REM_1953 |7 0 |8 A |9 286135 |a BIBDER |b BIBDER |d 2019-11-19 |i 1858378 |o 344.02 REM 1953 |p 1858378 |r 2023-01-25 |t 2 |w 2019-11-19 |y BK |k DER | ||